新幹線駅、空港駅に乗り換えなしで行ける駅 - Statistics

General Stats
  • This quiz has been taken 349 times
    45 since last reset
  • The average score is 129 of 261
Answer Stats
Answer 新幹線駅 空港駅 % Correct
成田 東京など 成田空港
86%
横浜 東京など 成田空港など
86%
京急蒲田 品川 羽田空港など
86%
千葉 東京など 成田空港
83%
新橋 東京など 成田空港など
83%
逗子 東京など 成田空港
81%
横須賀 東京など 成田空港
81%
大船 東京など 成田空港
79%
鎌倉 東京など 成田空港
79%
大阪 新大阪など 関西空港
79%
佐倉 東京など 成田空港
76%
船橋 東京など 成田空港
76%
津田沼 東京など 成田空港
76%
錦糸町 東京など 成田空港
76%
馬喰町 東京など 成田空港
76%
武蔵小杉 東京など 成田空港
76%
東戸塚 東京など 成田空港
76%
戸塚 東京など 成田空港
76%
久里浜 東京など 成田空港
76%
札幌 新函館北斗 新千歳空港
74%
新小岩 東京など 成田空港
74%
西大井 東京など 成田空港
74%
保土ケ谷 東京など 成田空港
74%
青砥 品川 成田空港など
74%
浅草 品川 成田空港など
74%
泉岳寺 品川 成田空港など
74%
天王寺 新大阪など 関西空港
74%
稲毛 東京など 成田空港
71%
市川 東京など 成田空港
71%
北鎌倉 東京など 成田空港
71%
押上 品川 成田空港など
71%
金沢文庫 品川 羽田空港など
71%
金沢八景 品川 羽田空港など
71%
横須賀中央 品川 羽田空港など
71%
四街道 東京など 成田空港
69%
新日本橋 東京など 成田空港
69%
京急久里浜 品川 羽田空港など
69%
姪浜 博多 福岡空港
69%
花巻 盛岡など 花巻空港
67%
酒々井 東京など 成田空港
67%
都賀 東京など 成田空港
67%
新川崎 東京など 成田空港
67%
京成佐倉 品川 成田空港など
67%
京成津田沼 品川 成田空港など
67%
京成高砂 品川 成田空港など
67%
京急川崎 品川 羽田空港など
67%
上大岡 品川など 羽田空港など
67%
金山 豊橋 中部国際空港
67%
宮崎 鹿児島中央など 宮崎空港
67%
新札幌 新函館北斗 新千歳空港
64%
南千歳 新函館北斗 新千歳空港
64%
名取 仙台 仙台空港
64%
京成成田 品川 成田空港など
64%
天空橋 品川 羽田空港など
64%
逗子・葉山 品川 羽田空港
64%
三崎口 品川 成田空港
64%
名鉄名古屋 豊橋 中部国際空港
64%
田浦 東京など 成田空港
62%
衣笠 東京など 成田空港
62%
京成船橋 品川 成田空港など
62%
新鎌ヶ谷 品川など 成田空港など
62%
東日本橋 品川 成田空港など
62%
大門 品川 成田空港など
62%
三田 品川など 成田空港など
62%
青物横丁 品川 羽田空港など
62%
京急鶴見 品川 羽田空港
62%
京急東神奈川 品川 羽田空港
62%
日根野 新大阪など 関西空港
62%
中洲川端 博多 福岡空港
62%
天神 博多 福岡空港
62%
唐津 博多 福岡空港
62%
大分 小倉など 宮崎空港
62%
物井 東京など 成田空港
60%
東逗子 東京など 成田空港
60%
成田湯川 品川 成田空港など
60%
浅草橋 品川 成田空港など
60%
神奈川新町 品川 羽田空港など
60%
三浦海岸 品川 羽田空港など
60%
名鉄岐阜 豊橋 中部国際空港
60%
高槻 新大阪など 関西空港
60%
南宮崎 鹿児島中央など 宮崎空港
60%
延岡 小倉など 宮崎空港
60%
行橋 小倉など 宮崎空港
60%
YRP野比 品川 羽田空港など
60%
長町 仙台 仙台空港
57%
ユーカリが丘 品川 成田空港など
57%
印旛日本医大 品川 成田空港など
57%
宝町 品川 成田空港など
57%
東銀座 品川 成田空港など
57%
名鉄一宮 豊橋 中部国際空港
57%
佐伯 小倉など 宮崎空港
57%
別府 小倉など 宮崎空港
57%
中津 小倉など 宮崎空港
57%
新宿 東京など 成田空港
55%
大佐倉 品川 成田空港など
55%
印西牧の原 品川 成田空港など
55%
千葉ニュータウン中央 品川 成田空港など
55%
日本橋 品川 成田空港など
55%
大鳥居 品川 羽田空港など
55%
穴守稲荷 品川 羽田空港など
55%
笠松 豊橋 中部国際空港
55%
祇園 博多 福岡空港
55%
西唐津 博多 福岡空港
55%
日向市 小倉など 宮崎空港
55%
矢幅 盛岡など 花巻空港
52%
紫波中央 盛岡など 花巻空港
52%
水沢 盛岡など 花巻空港
52%
東松戸 品川 成田空港など
52%
本所吾妻橋 品川 成田空港など
52%
人形町 品川 成田空港など
52%
平和島 品川 羽田空港など
52%
糀谷 品川 羽田空港など
52%
神宮前 豊橋 中部国際空港
52%
山科 京都など 関西空港
52%
大津 京都など 関西空港
52%
東比恵 博多 福岡空港
52%
宇佐 小倉など 宮崎空港
52%
南仙台 仙台 仙台空港
50%
渋谷 東京など 成田空港
50%
宗吾参道 品川 成田空港など
50%
京成酒々井 品川 成田空港など
50%
勝田台 品川 成田空港など
50%
京成八幡 品川 成田空港など
50%
京成曳舟 品川 成田空港など
50%
蔵前 品川 成田空港など
50%
堀ノ内 品川 羽田空港など
50%
犬山 豊橋 中部国際空港
50%
草津 京都など 関西空港
50%
野洲 京都など 関西空港
50%
米子 岡山など 米子空港
50%
西新 博多 福岡空港
50%
筑前前原 博多 福岡空港
50%
仙北町 盛岡など 花巻空港
48%
平泉 盛岡など 花巻空港
48%
京成大和田 品川 成田空港など
48%
日暮里 大宮など 成田空港
48%
白井 品川 成田空港など
48%
新柴又 品川 成田空港など
48%
四ツ木 品川 成田空港など
48%
杉田 品川 羽田空港
48%
新木曽川 豊橋 中部国際空港
48%
新鵜沼 豊橋 中部国際空港
48%
和泉府中 新大阪など 関西空港
48%
新今宮 新大阪など 関西空港
48%
高鍋 小倉など 宮崎空港
48%
臼杵 小倉など 宮崎空港
48%
杵築 小倉など 宮崎空港
48%
黒崎 小倉など 宮崎空港
48%
公津の杜 品川 成田空港
45%
京成臼井 品川 成田空港など
45%
神武寺 品川 羽田空港
45%
追浜 品川 成田空港
45%
汐入 品川 成田空港
45%
須ケ口 豊橋 中部国際空港
45%
国府宮 豊橋 中部国際空港
45%
江南 豊橋 中部国際空港
45%
石山 京都など 関西空港
45%
南草津 京都など 関西空港
45%
三宮 新神戸 神戸空港
45%
津久見 小倉など 宮崎空港
45%
折尾 小倉など 宮崎空港
45%
滝沢 盛岡など 花巻空港
43%
日詰 盛岡など 花巻空港
43%
杜せきのした 仙台 仙台空港
43%
京成大久保 品川 成田空港など
43%
矢切 品川 成田空港など
43%
京成立石 品川 成田空港など
43%
北久里浜 品川 羽田空港など
43%
栄生 豊橋 中部国際空港
43%
新清洲 豊橋 中部国際空港
43%
岩倉 豊橋 中部国際空港
43%
犬山遊園 豊橋 中部国際空港
43%
守山 京都など 関西空港
43%
大濠公園 博多 福岡空港
43%
九大学研都市 博多 福岡空港
43%
南延岡 小倉など 宮崎空港
43%
香椎 博多など 宮崎空港
43%
太子堂 仙台 仙台空港
40%
八千代台 品川 成田空港など
40%
船橋競馬場 品川 成田空港など
40%
八広 品川 成田空港など
40%
立会川 品川 羽田空港など
40%
井土ヶ谷 品川 羽田空港
40%
弘明寺 品川 羽田空港
40%
難波 新大阪 関西空港
40%
都農 小倉 宮崎空港
40%
好摩 盛岡など 花巻空港
38%
京成小岩 品川 成田空港など
38%
能見台 品川 羽田空港
38%
六浦 品川 羽田空港
38%
新大津 品川 羽田空港など
38%
千里中央 新大阪 大阪空港
38%
唐人町 博多 福岡空港
38%
赤間 博多など 宮崎空港
38%
福間 博多など 宮崎空港
38%
吉塚 博多など 宮崎空港
38%
岩手飯岡 盛岡など 花巻空港
36%
実籾 品川 成田空港など
36%
西白井 品川 成田空港など
36%
京急長沢 品川 羽田空港など
36%
津久井浜 品川 羽田空港など
36%
京橋 西明石 関西空港
36%
糸島高校前 博多 福岡空港
36%
佐土原 小倉など 宮崎空港
36%
金ケ崎 盛岡など 花巻空港
33%
志津 品川 成田空港など
33%
東中山 品川 成田空港など
33%
小室 品川 成田空港など
33%
日ノ出町 品川 羽田空港
33%
赤坂 博多 福岡空港
33%
虹ノ松原 博多 福岡空港
33%
東唐津 博多 福岡空港
33%
鶴崎 小倉など 宮崎空港
33%
柳ヶ浦 小倉など 宮崎空港
33%
石鳥谷 盛岡など 花巻空港
31%
美田園 仙台 仙台空港
31%
松飛台 品川 成田空港など
31%
前沢 盛岡など 花巻空港
29%
山ノ目 盛岡など 花巻空港
29%
遠野 盛岡など 花巻空港
29%
釜石 盛岡など 花巻空港
29%
大町 品川 成田空港など
29%
北国分 品川 成田空港など
29%
門川 小倉 宮崎空港
29%
幸崎 小倉など 宮崎空港
29%
青山 盛岡など 花巻空港
26%
秋山 品川 成田空港など
26%
柏森 豊橋 中部国際空港
26%
藤崎 博多 福岡空港
26%
亀川 小倉など 宮崎空港
26%
宇島 小倉など 宮崎空港
26%
厨川 盛岡など 花巻空港
24%
村崎野 盛岡など 花巻空港
24%
六原 盛岡など 花巻空港
24%
陸中折居 盛岡など 花巻空港
24%
五反田 品川など 成田空港
24%
周船寺 博多 福岡空港
24%
筑前深江 博多 福岡空港
24%
古舘 盛岡など 花巻空港
21%
室見 博多 福岡空港
21%
和多田 博多 福岡空港
21%
渋民 盛岡など 花巻空港
19%
巣子 盛岡など 花巻空港
19%
天王洲アイル 大宮 羽田空港
19%
下山門 博多 福岡空港
19%
今宿 博多 福岡空港
19%
波多江 博多 福岡空港
19%
浜崎 博多 福岡空港
19%
岩手川口 盛岡など 花巻空港
17%
一貴山 博多 福岡空港
17%
鹿家 博多 福岡空港
17%
大入 博多 福岡空港
14%
福吉 博多 福岡空港
14%
宮守 盛岡など 花巻空港
12%
美咲が丘 博多 福岡空港
12%
加布里 博多 福岡空港
12%
土沢 盛岡など 花巻空港
10%
松倉 盛岡など 花巻空港
10%
小佐野 盛岡など 花巻空港
10%
No matching quizzes found
Score Distribution
Percent of People with Each Score
Percentile by Number Answered
Your Score History
You have not taken this quiz since the last reset